000 00636nam a2200193Ia 4500
005 20250508155753.0
008 008 250505s9999 xx 000 0 eng d
037 _aDissertations
040 _aFEDL
_beng
_cFEDL
041 _aeng
_2eng
084 _a491.43, MAH/DI
_qFEDL
100 _aMaheshwari L N
_9767428
245 0 _aStudy of spelling errors in hindi committed by primary teacher trainees of training school Sangaria in district Ganganagar, Rajasthan
260 _c1973
300 _a60p.
546 _aM. Ed. Dissertation (Delhi University)
942 _cDIS
_h491.43, MAH/DI
999 _c1359223
_d1359223